00551nam a2200145Ia 4500008004100000041000800041082002000049100003300069245006900102260003700171300004300208906000600251999001700257952013100274220530s9999 xx 000 0 und d aeng a621.38:050bARO aArora, Anuj (Editor)958415 aCommunication TodaybVolume 21 ( January to May & December 2014) aDelhibAID Media Pvt. Ltd.c2014 bHBbVolume No. 21 Issue No 1 to 5 & 12 a0 c52572d52572 00104070aCEWNbCEWNd2015-10-16eBook Sourcel0o621.38:050/ARO/ pCEWN-BV-264r2022-05-30 00:00:00w2022-05-30yBVzJ00264